The Globalization of Latin American media /
Guardat en:
| Autor principal: | |
|---|---|
| Format: | Text |
| Matèries: | |
| Etiquetes: |
Afegir etiqueta
Sense etiquetes, Sigues el primer a etiquetar aquest registre!
|
MARC
| LEADER | 00000 a a2200000 04500 | ||
|---|---|---|---|
| 001 | 9996 | ||
| 003 | |||
| 040 | |||
| 100 | |a Sinclair, John | ||
| 245 | |a The Globalization of Latin American media / |c John Sinclair | ||
| 650 | |a GLOBALIZACION | ||
| 650 | |a MEDIOS DE COMUNICACION DE MASAS | ||
| 650 | |a COMPETENCIA | ||
| 650 | |a MOVIMIENTO DE CAPITALES | ||
| 650 | |a ALIANZAS | ||
| 650 | |a AMERICA LATINA | ||
| 773 | |g volumen 37, número 4; páginas 15-19 | ||
| 999 | |c 21379 |d 21379 | ||
